000 00387nam a2200145Ia 4500
008 231129s2002||||xx |||||||||||||| ||spa||
020 _a958-8041-69-4
040 _bspa
082 _a398.2 T275m
100 _aTéllez Freddy
245 0 _aMitos: filosofí­a y práctica
260 _c2002
264 _aUniversidad de Caldas
942 _2ddc
_cBKS
999 _c21326
_d21326